| 000 | 00327 a2200133 4500 | ||
|---|---|---|---|
| 005 | 20250629141116.0 | ||
| 020 | _a0-13-472820-3 | ||
| 082 | _a463.21 CUY | ||
| 100 | _aCUYAS, A. | ||
| 245 | _aSpanish English Dictionary, | ||
| 260 |
_aNew York, _bMacmillan presses Ltd, _c1969. |
||
| 300 |
_axxxii;306p: _c18cm. |
||
| 942 |
_2ddc _cBKS |
||
| 999 |
_c6389 _d6389 |
||